| 000 | 00561nam a22001817a 4500 | ||
|---|---|---|---|
| 999 |
_c10691 _d10691 |
||
| 003 | AR-CdUCM | ||
| 008 | 190401b ||||| |||| 00| 0 spa d | ||
| 040 |
_aMUNICIPALIDAD PROVINCIAL DEL CUSCO _cBIBLIOTECA MUNICIPAL DEL CUSCO |
||
| 082 |
_aES / 860 / _bR21 |
||
| 100 |
_aRamÃrez Velarde, Fernando _923305 |
||
| 245 | _aSocavones de angustia / | ||
| 260 |
_aLima : _bFondo editorial navarrete, |
||
| 300 |
_a127 paginas ; _c14 cm. |
||
| 505 | _aContenido :Socavones de angustia. | ||
| 650 |
_aLiteratura peruana _9169 |
||
| 942 |
_2ddc _cLIBROS |
||
| 945 | _arum | ||